Posledný polrok prvého zastupiteľstva

Bibliographic Details
Format: Article
Language:Slovak
ISSN:1336-4030
Subjects:
Online Access:www.vecernik.po.sk

MARC

LEADER 00000nab a2200000 a 4500
001 vtls008408803
003 SK-MaSNL
005 20260303070111.0
008 051110c20050616xo dr n 000 00slo
038 |a SVKPOCL 
040 |a SVKPOCL  |b slo  |c SVKPO  |e AACR2 
041 0 |a slo 
044 |a xo  |c SK 
080 |a 353.9(437.6)  |2 UDC-MRF-SK2 
245 0 0 |a Posledný polrok prvého zastupiteľstva 
610 2 7 |a Prešovský samosprávny kraj (Slovensko).  |b Zastupiteľstvo  |2 svkpocl  |9 189290 
648 7 |a 14.6.2005  |2 svkpocl  |9 1067075 
650 0 7 |a zasadanie  |2 svkpocl  |9 280253 
651 7 |a Prešovský samosprávny kraj (Slovensko)  |2 svkpocl  |9 23301 
773 0 |t Prešovský večerník  |g Roč. XVI, č. 3734 (16.6.2005)  |x 1336-4030 
773 0 8 |i Príl.:  |t Správy krajskej samosprávy  |g Roč. 4, č. 6 (16.6.2005), s.8-9 
852 |a SVKPO  |b KIS3GCP 
856 4 1 |u www.vecernik.po.sk 
999 |c 1753961  |d 1755891